[Event "Igualada op 15th"]
[Site "Igualada"]
[Date "2020.01.11"]
[Round "1"]
[White "Martinez Gila, Ramon"]
[Black "Carrasco Sanchez, Manuel"]
[Result "0-1"]
[WhiteElo "1407"]
[BlackElo "1726"]
[PlyCount "26"]
[EventDate "2020.01.11"]
[EventType "swiss"]
[EventRounds "8"]
[EventCountry "ESP"]
[SourceTitle "CBM 195 Extra"]
[Source "ChessBase"]
[SourceDate "2020.05.31"]
[SourceVersion "1"]
[SourceVersionDate "2020.05.31"]
[SourceQuality "1"]

1. e4 c5 2. Nc3 e6 3. Nf3 a6 4. d4 cxd4 5. Nxd4 Qc7 6. Bd3 Nf6 7. 0-0 b5 8. Re1 d6 9. Bg5 Be7 10. Qe2 Nbd7 11. Nf3 0-0 12. a3 Bb7 13. b4 Qxc3 0-1